Prénoms commençant par la lettre "G" - Statistiques

Statistiques générales
  • Ce quiz a été pris 146 fois
    138 depuis la dernière actualisation
  • Le résultat moyen est 9 sur 23
Statistiques - réponses
Indice Prénom % Correct
Il enchaîne les gaffes Gaston
92%
La tour Eiffel Gustave
85%
Ce prénom est conquérant Guillaume
84%
Cousin Germain
66%
Ex-présidente du Comité Miss France Geneviève
64%
Cousine Germaine
61%
Archange qui terrassa le dragon Gabriel
54%
Il a réalisé "La grande vadrouille" Gérard
51%
Tu brûles mon esprit, ton amour étrangle ma vie Gabrielle
42%
Le Père la Victoire Georges
37%
Pilote canadien de F1 décédé en 1982 sur le circuit de Zolder en Belgique Gilles
36%
Boule de suif Guy
36%
Il a chanté "Les marchés de Provence" Gilbert
33%
Mari d'Angélique dans la saga des 5 films Geoffrey
28%
Inoubliable Arletty dans "Les enfants du paradis" Garance
17%
Série TV des années 1965-1966 : ----- des montagnes Gaspard
14%
Elle aime naviguer sur Fleur australe avec Philippe Géraldine
14%
Faveur accordée librement à qqn Grace
14%
Saint de glace Gervais
11%
Raspoutine Grigori
9%
Tissu de crêpe fin et léger Georgette
7%
Bière belge Gertrude
3%
Vespasienne dans le langage populaire Ginette
2%
Aucun quiz correspondant
Distribution des résultats
% des personnes avec chaque résultat
Percentile par nombre de réponses
Votre historique - résultats
Vous n’avez pas pris ce quiz depuis la dernière actualisation